Kúpna zmluva Zodpovednosť za vady predanej veci

Právna formulácia kúpnej zmluvy a jej náležitosti, predmet kúpy a kúpna cena. Nadobudnutie kúpenej veci do vlastníctva kupujúceho. Povinnosť predávajúceho upozorniť kupujúceho na vady kupovanej veci. Uplatňovanie práva zo zodpovednosti za vady. Následky vyplývajúce z uplatnenia zodpovednosti za vady...

Descripción completa

Guardado en:
Detalles Bibliográficos
Autor principal: Koniarová, J.
Formato: Capítulo de libro
Lenguaje:eslovaco
Materias:
Etiquetas: Agregar Etiqueta
Sin Etiquetas, Sea el primero en etiquetar este registro!

MARC

LEADER 00000naa a2200000 4500
001 r026498
005 20230919070801.9
041 0 |a slo 
044 |a SK 
245 1 0 |a Kúpna zmluva  |b Zodpovednosť za vady predanej veci  |c J. Koniarová 
520 |a Právna formulácia kúpnej zmluvy a jej náležitosti, predmet kúpy a kúpna cena. Nadobudnutie kúpenej veci do vlastníctva kupujúceho. Povinnosť predávajúceho upozorniť kupujúceho na vady kupovanej veci. Uplatňovanie práva zo zodpovednosti za vady. Následky vyplývajúce z uplatnenia zodpovednosti za vady. 
610 2 0 |a zmluvy kúpne 
610 2 0 |a zodpovednosť za vady 
610 2 0 |a kúpa 
610 2 0 |a predaj 
100 1 |a Koniarová, J.